| Tag |
First Indicator |
Second Indicator |
Subfields |
| LEADER |
00000cam a2200000 a 4500 |
| 001 |
in00000019947 |
| 005 |
20151007053754.0 |
| 008 |
870604s1988 njua b s00110 eng |
| 010 |
|
|
|a 87016026
|
| 020 |
|
|
|a 0813512824 :
|c $17.95
|
| 035 |
|
|
|a (OCoLC)16128799
|
| 035 |
|
|
|9 AAB2777AM
|
| 040 |
|
|
|a DLC
|c DLC
|d TXA
|d UtOrBLW
|
| 043 |
|
|
|a n-us---
|
| 049 |
|
|
|a TXAM
|c [A11467131]
|
| 050 |
0 |
0 |
|a E176.1
|b .K84 1988
|
| 082 |
0 |
|
|a 973.9/092/2
|2 19
|
| 100 |
1 |
|
|a Kuklick, Bruce,
|d 1941-
|
| 245 |
1 |
4 |
|a The good ruler :
|b from Herbert Hoover to Richard Nixon /
|c Bruce Kuklick.
|
| 264 |
|
1 |
|a New Brunswick, [N.J.] :
|b Rutgers University Press,
|c [1988]
|
| 264 |
|
4 |
|c ©1988
|
| 300 |
|
|
|a x, 202 pages :
|b illustrations ;
|c 23 cm.
|
| 336 |
|
|
|a text
|b txt
|2 rdacontent
|
| 337 |
|
|
|a unmediated
|b n
|2 rdamedia
|
| 338 |
|
|
|a volume
|b nc
|2 rdacarrier
|
| 504 |
|
|
|a Bibliography: pages [181]-192.
|
| 500 |
|
|
|a Includes index.
|
| 650 |
|
0 |
|a Presidents
|z United States
|x History
|y 20th century.
|
| 650 |
|
0 |
|a Presidents
|z United States
|x Public opinion
|x History
|y 20th century.
|
| 650 |
|
0 |
|a Public opinion
|z United States
|x History
|y 20th century.
|
| 651 |
|
0 |
|a United States
|x Politics and government
|y 20th century.
|
| 999 |
|
|
|a MARS
|
| 999 |
f |
f |
|s 9ab77940-768e-3592-b239-8cbdc083e28a
|i 0aefb099-d2ac-3bef-b653-e8d0db47da43
|t 0
|
| 952 |
f |
f |
|p ric
|a Texas A&M University
|b Rellis Campus
|c Joint Library Facility
|d Remote Storage
|t 0
|e E176.1 .K84 1988
|h Library of Congress classification
|i unmediated -- volume
|m A14811467131
|
| 998 |
f |
f |
|a E176.1 .K84 1988
|t 0
|l Remote Storage
|